000 00301nam a22001337a 4500
008 170412b xxu||||| |||| 00| 0 eng d
020 _a9780763743864
041 _aeng
080 _a618
100 _a10
101 _aSHM
245 _aSTEM CELLS HUMAN EMBRYONIC
_cKIESSLING.A.A
942 _2udc
_cBK
999 _c10551
_d10551